[Event "4NCL 2011-12"]
[Site "Sunningdale ENG"]
[Date "2012.02.12"]
[Round "6.12"]
[White "Howell, David W L"]
[Black "Ansell, Simon T"]
[Result "1/2-1/2"]
[WhiteTitle "GM"]
[BlackTitle "IM"]
[WhiteElo "2633"]
[BlackElo "2389"]
[WhiteTeam "Wood Green Hilsmark 1"]
[BlackTeam "Blackthorne Russia"]
[WhiteFideId "410608"]
[BlackFideId "402141"]
[EventDate "2011.11.12"]

1. e4 c6 2. d4 d5 3. Nc3 dxe4 4. Nxe4 Nf6 5. Nxf6+ gxf6 6. Nf3 Bg4 7. Be2 e6 8.
O-O Bd6 9. c4 Rg8 10. d5 Bh3 11. Ne1 Qc7 12. Kh1 Bf5 13. Nf3 Na6 14. Be3 O-O-O
15. Qa4 c5 16. Nh4 Bg4 17. Qd1 f5 18. f3 Bh5 19. f4 Bxe2 20. Qxe2 Be7 21. Nf3
exd5 22. cxd5 Rxd5 23. a3 Bf6 24. Rac1 Re8 25. b4 Qd7 26. Qf2 Kb8 27. bxc5 Re6
28. c6 Rxc6 29. Bxa7+ Ka8 30. Rb1 Rcd6 31. Be3 Rd1 32. h3 Rxf1+ 33. Qxf1 Rd3 34.
Bb6 Qd5 35. a4 Nb8 36. Rb5 Qd7 37. Kh2 Nc6 38. Qe2 Bd8 39. Bf2 Bc7 40. Ne5 Nxe5
41. fxe5 f6 42. Bg3 Qd4 43. Qc2 Qc3 44. Qxc3 Rxc3 45. Bf4 Rc2 46. Kg1 Rc4 47. g3
fxe5 48. Bxe5 Bxe5 49. Rxe5 Rxa4 50. Rxf5 Ra6 51. Kf2 Rd6 52. g4 Kb8 53. h4 Kc7
54. h5 Kd8 55. Rf7 Rd7 56. Rf6 Ke7 57. Rb6 Kf8 58. Ke3 Rc7 59. Ke4 Rc4+ 60. Kf5
Rc5+ 61. Kf4 Rc4+ 62. Kg5 Rc7 63. h6 Rc5+ 64. Kh4 Rc6 1/2-1/2

[Event "4NCL 2011-12"]
[Site "Sunningdale ENG"]
[Date "2012.02.12"]
[Round "6.13"]
[White "Ledger, Andrew J"]
[Black "Rowson, Jonathan"]
[Result "0-1"]
[WhiteTitle "IM"]
[BlackTitle "GM"]
[WhiteElo "2424"]
[BlackElo "2581"]
[WhiteTeam "Blackthorne Russia"]
[BlackTeam "Wood Green Hilsmark 1"]
[WhiteFideId "400610"]
[BlackFideId "2400561"]
[EventDate "2011.11.12"]

1. d4 Nf6 2. c4 e6 3. g3 d5 4. Nf3 Bb4+ 5. Bd2 Be7 6. Bg2 c6 7. Qc2 O-O 8. O-O
b6 9. Bf4 Ba6 10. Ne5 Nfd7 11. Nxd7 Nxd7 12. Nd2 Rc8 13. Rfe1 g5 14. Be3 f5 15.
f4 g4 16. Rac1 Bb4 17. cxd5 cxd5 18. Qa4 Bxd2 19. Bxd2 Nb8 20. Rxc8 Qxc8 21. Rc1
Qb7 22. Qa3 Qd7 23. Bb4 Rc8 24. Rxc8+ Qxc8 25. Bd6 Nc6 26. e3 Nxd4 0-1

[Event "4NCL 2011-12"]
[Site "Sunningdale ENG"]
[Date "2012.02.12"]
[Round "6.14"]
[White "Gordon, Stephen J"]
[Black "Bates, Richard A"]
[Result "1-0"]
[WhiteTitle "GM"]
[BlackTitle "IM"]
[WhiteElo "2535"]
[BlackElo "2386"]
[WhiteTeam "Wood Green Hilsmark 1"]
[BlackTeam "Blackthorne Russia"]
[WhiteFideId "411477"]
[BlackFideId "403555"]
[EventDate "2011.11.12"]

1. d4 Nf6 2. c4 d6 3. Nc3 e5 4. Nf3 e4 5. Ng1 h6 6. h3 c6 7. Bf4 Bf5 8. e3 a6 9.
Qb3 Ra7 10. Nge2 Nbd7 11. Bh2 Be7 12. g4 Bh7 13. Bg2 O-O 14. Ng3 Qa5 15. O-O d5
16. cxd5 cxd5 17. f3 Bd6 18. fxe4 dxe4 19. Ncxe4 Bxe4 20. Nxe4 Bxh2+ 21. Kxh2 h5
22. Nxf6+ Nxf6 23. e4 hxg4 24. e5 gxh3 25. Qxh3 Nh7 26. Rf4 Ng5 27. Qh5 f6 28.
Rh4 b6 29. Rf1 Qb5 30. Qh8+ Kf7 31. Rxf6+ gxf6 32. Qxf6+ Ke8 33. Bc6+ Rd7 34.
Bxb5 Rxf6 35. Bxd7+ Kxd7 36. exf6 1-0

[Event "4NCL 2011-12"]
[Site "Sunningdale ENG"]
[Date "2012.02.12"]
[Round "6.15"]
[White "Webb, Laurence E"]
[Black "Pert, Nicholas"]
[Result "1/2-1/2"]
[WhiteTitle "FM"]
[BlackTitle "GM"]
[WhiteElo "2283"]
[BlackElo "2563"]
[WhiteTeam "Blackthorne Russia"]
[BlackTeam "Wood Green Hilsmark 2"]
[WhiteFideId "402389"]
[BlackFideId "403989"]
[EventDate "2011.11.12"]

1. e4 e6 2. d4 d5 3. e5 c5 4. c3 Nc6 5. Nf3 Bd7 6. Be2 Nge7 7. Na3 cxd4 8. cxd4
Nf5 9. Nc2 Qb6 10. O-O Na5 11. Bd2 Bb5 12. Bxa5 Qxa5 13. Ne3 Ne7 14. Qd2 Qa6 15.
Bxb5+ Qxb5 16. a4 Qd7 17. b4 Ng6 18. g3 Be7 19. h4 O-O 20. h5 Nh8 21. b5 f5 22.
Ng2 Nf7 23. Rfc1 Rfc8 24. Rxc8+ Rxc8 25. Rc1 a6 26. bxa6 bxa6 27. Rc2 Rxc2 28.
Qxc2 Ng5 29. Nxg5 Bxg5 30. Ne1 Kf7 31. Nd3 Be7 32. Kg2 g6 33. hxg6+ hxg6 34. Nf4
Bg5 35. Nd3 Be7 36. Nf4 1/2-1/2

[Event "4NCL 2011-12"]
[Site "Sunningdale ENG"]
[Date "2012.02.12"]
[Round "6.16"]
[White "Ward, Chris G"]
[Black "Ledger, Dave J"]
[Result "0-1"]
[WhiteTitle "GM"]
[BlackTitle "FM"]
[WhiteElo "2448"]
[BlackElo "2228"]
[WhiteTeam "Wood Green Hilsmark 1"]
[BlackTeam "Blackthorne Russia"]
[WhiteFideId "400203"]
[BlackFideId "401986"]
[EventDate "2011.11.12"]

1. d4 Nf6 2. c4 g6 3. Nc3 Bg7 4. e4 d6 5. f3 O-O 6. Nge2 c5 7. d5 e6 8. Ng3 exd5
9. cxd5 a6 10. a4 h5 11. Be2 Nbd7 12. O-O h4 13. Nh1 Nh7 14. Nf2 f5 15. exf5
gxf5 16. Nh3 Re8 17. Nf4 Ndf8 18. Kh1 b6 19. Bc4 Kh8 20. Bd2 Ra7 21. Qc2 Be5 22.
Rae1 Rg7 23. Nh5 Rf7 24. f4 Bd4 25. Ne2 Bf6 26. Ng1 Kg8 27. Nf3 Ng6 28. Nxf6+
Nxf6 29. Ng5 Rfe7 30. Ne6 Bxe6 31. dxe6 h3 32. Rf3 hxg2+ 33. Kg1 Nh4 34. Rg3+
Kf8 35. Bc3 Rg7 36. Rxg7 Kxg7 37. Re3 d5 38. Qxg2+ Nxg2 39. Rg3+ Kf8 0-1

[Event "4NCL 2011-12"]
[Site "Sunningdale ENG"]
[Date "2012.02.12"]
[Round "6.17"]
[White "Ledger, Stephen C"]
[Black "Arakhamia-Grant, Ketevan"]
[Result "0-1"]
[BlackTitle "GM"]
[WhiteElo "2107"]
[BlackElo "2443"]
[WhiteTeam "Blackthorne Russia"]
[BlackTeam "Wood Green Hilsmark 1"]
[WhiteFideId "404470"]
[BlackFideId "13600168"]
[EventDate "2011.11.12"]

1. d4 c5 2. dxc5 Qa5+ 3. Nc3 Qxc5 4. e4 Nf6 5. Be3 Qa5 6. Qd2 Nc6 7. f3 d6 8.
Bc4 Ne5 9. Bb3 e6 10. Nge2 Be7 11. O-O a6 12. Rad1 Qc7 13. Na4 b5 14. Nb6 Rb8
15. Nxc8 Rxc8 16. Qd4 O-O 17. Nf4 Nc4 18. Ne2 e5 19. Qc3 Nxe3 20. Qxe3 d5 21.
Kh1 Bc5 22. Qg5 Be7 23. exd5 Nxd5 24. Qc1 Nb6 25. Ng3 h6 26. Ne4 Kh8 27. c3 f5
28. Ng3 Nc4 29. Bxc4 Qxc4 30. Rfe1 Bg5 31. Qb1 Qe6 32. Re2 Bh4 33. Qc2 b4 34.
Qb3 Qxb3 35. axb3 bxc3 36. bxc3 Bxg3 37. hxg3 Rxc3 38. Rxe5 Rxb3 39. Ra1 Rb6 40.
Rea5 Rff6 41. Kg1 Kg8 42. R1a2 g6 43. R5a4 Kf7 44. g4 f4 45. Kf2 g5 46. R4a3 Ke7
47. g3 fxg3+ 48. Kxg3 Kd7 49. Rf2 Kc7 50. f4 gxf4+ 51. Rxf4 Rxf4 52. Kxf4 Rf6+
53. Ke5 Rg6 54. Kf5 Rg5+ 55. Kf6 Kb6 56. Rh3 Rxg4 57. Rxh6 Kb5 58. Ke5 a5 59.
Rh8 a4 60. Rb8+ Kc4 61. Ra8 Kb3 62. Rh8 a3 63. Rh3+ Kb4 64. Rh2 Rg5+ 65. Kd4 Ra5 0-1

[Event "4NCL 2011-12"]
[Site "Sunningdale ENG"]
[Date "2012.02.12"]
[Round "6.21"]
[White "Slavin, Alexei"]
[Black "Zhou, Yang-Fan"]
[Result "0-1"]
[WhiteTitle "IM"]
[BlackTitle "IM"]
[WhiteElo "2400"]
[BlackElo "2436"]
[WhiteTeam "e2e4.org.uk"]
[BlackTeam "Guildford"]
[WhiteFideId "24104388"]
[BlackFideId "468584"]
[EventDate "2011.11.12"]

1. d4 Nf6 2. c4 g6 3. Nc3 Bg7 4. e4 d6 5. h3 O-O 6. Nf3 e5 7. d5 a5 8. g4 Na6 9.
Be3 Nd7 10. a3 Nac5 11. b4 axb4 12. axb4 Rxa1 13. Qxa1 Nb3 14. Qd1 Nd4 15. Nxd4
exd4 16. Bxd4 Ne5 17. f4 Nf3+ 18. Qxf3 Bxd4 19. Ne2 Qh4+ 20. Kd2 Bg7 21. Qg3 Qf6
22. Qc3 Qe7 23. Qd3 Bd7 24. Bg2 Ra8 25. Rc1 Ra4 26. Rb1 Qh4 27. Ke3 Ra2 28. b5
Bb2 29. Qd1 Bc3 30. b6 cxb6 31. Qd3 Be1 32. Qd1 Qf2+ 33. Kd3 Rd2+ 34. Qxd2 Bxd2
35. Kxd2 Qxg2 36. Rxb6 Qxe4 37. Rxd6 Ba4 38. Rd8+ Kg7 39. d6 Qxc4 40. Ke3 Qb3+ 0-1

[Event "4NCL 2011-12"]
[Site "Sunningdale ENG"]
[Date "2012.02.12"]
[Round "6.22"]
[White "Smerdon, David"]
[Black "Kilpatrick, Callum"]
[Result "1-0"]
[WhiteTitle "GM"]
[WhiteElo "2513"]
[BlackElo "2315"]
[WhiteTeam "Guildford 1"]
[BlackTeam "e2e4.org.uk"]
[WhiteFideId "3202305"]
[BlackFideId "414425"]
[EventDate "2011.11.12"]

1. e4 e5 2. Nf3 Nc6 3. d4 exd4 4. Nxd4 Bc5 5. Nxc6 Qf6 6. Qf3 bxc6 7. Nc3 Bd4 8.
Bc4 Ne7 9. Ne2 Qxf3 10. gxf3 Bf6 11. Nf4 O-O 12. Nh5 Bh4 13. Rg1 Ng6 14. Be3 Kh8
15. O-O-O d6 16. f4 f5 17. Bd4 Bf6 18. e5 dxe5 19. Bc5 Re8 20. Bf7 Be6 21. Bxg6
hxg6 22. Nxf6 gxf6 23. Rxg6 Kh7 24. Rxf6 Bd5 25. c4 Kg7 26. Rxf5 Bxc4 27. Rg1+
Kh6 28. fxe5 Rg8 29. Be3+ 1-0

[Event "4NCL 2011-12"]
[Site "Sunningdale ENG"]
[Date "2012.02.12"]
[Round "6.23"]
[White "Longson, Alexander"]
[Black "Conquest, Stuart C"]
[Result "0-1"]
[BlackTitle "GM"]
[WhiteElo "2281"]
[BlackElo "2521"]
[WhiteTeam "e2e4.org.uk"]
[BlackTeam "Guildford 1"]
[WhiteFideId "408093"]
[BlackFideId "400181"]
[EventDate "2011.11.12"]

1. e4 c5 2. Nf3 e6 3. b3 d6 4. Bb5+ Bd7 5. Bxd7+ Nxd7 6. Bb2 Ngf6 7. Qe2 Be7 8.
O-O e5 9. c3 O-O 10. d4 exd4 11. cxd4 cxd4 12. Nxd4 Re8 13. Nc3 Bf8 14. Qf3 Rc8
15. Rfe1 Qa5 16. Re3 g6 17. Rd1 a6 18. Nde2 Rc6 19. h3 Bg7 20. g4 h5 21. Qg2 Qg5
22. Rg3 Qe5 23. gxh5 Qxh5 24. Nf4 Qh7 25. Nfe2 Nxe4 26. Nxe4 Bxb2 27. Ng5 Qg7
28. Nf4 Be5 29. Nxf7 Qxf7 30. Rxg6+ Kf8 31. Nd5 Nf6 32. Ne3 Re6 33. Nf5 d5 34.
Rg7 Qh5 35. Ne3 Rc7 36. Rg5 Qh6 37. Nf5 Qh7 38. h4 d4 39. Qf3 Rf7 40. Rc1 Ne8
41. Qg4 Ref6 42. Nxd4 Bf4 43. Re1 Bxg5 44. hxg5 Rxf2 45. Qg3 Qg6 46. Qe5 R7f6
47. Qe7+ Kg8 48. Qxe8+ Qxe8 49. Rxe8+ Rf8 50. Rxf8+ Rxf8 51. Kg2 Kh7 52. Nf3 Kg6
53. Kf2 Re8 54. Nd4 Kxg5 55. Kf3 Re5 56. b4 Re1 57. Nb3 b6 58. Nd2 Kf5 59. Nc4
b5 60. Ne3+ Ke5 0-1

[Event "4NCL 2011-12"]
[Site "Sunningdale ENG"]
[Date "2012.02.12"]
[Round "6.24"]
[White "Kosten, Anthony C."]
[Black "Byron, Alan M"]
[Result "1-0"]
[WhiteTitle "GM"]
[WhiteElo "2498"]
[BlackElo "2241"]
[WhiteTeam "Guildford 1"]
[BlackTeam "e2e4.org.uk"]
[WhiteFideId "400114"]
[BlackFideId "401773"]
[EventDate "2011.11.12"]

1. c4 e5 2. Nc3 Nf6 3. g3 Nc6 4. Bg2 Bb4 5. Nd5 Bc5 6. e3 O-O 7. Ne2 Nxd5 8.
cxd5 Ne7 9. O-O d6 10. d4 Bb6 11. b3 f6 12. h3 Bd7 13. a4 a6 14. Kh2 Rc8 15. e4
Qe8 16. f4 Qh5 17. f5 Rfd8 18. g4 Qf7 19. g5 Kh8 20. Bf3 c6 21. dxe5 dxe5 22. d6
Ng8 23. Ng3 Qf8 24. Ra2 Bd4 25. Rg2 Be8 26. Bh5 Rxd6 27. Qg4 fxg5 28. f6 Bd7 29.
fxg7+ Qxg7 30. Nf5 Nh6 31. Qe2 Bxf5 32. exf5 Nf7 33. h4 Bb6 34. hxg5 Rd5 35. f6
Qf8 36. g6 hxg6 37. Bxg6 e4 38. Kh1 Bc7 39. Qg4 1-0

[Event "4NCL 2011-12"]
[Site "Sunningdale ENG"]
[Date "2012.02.12"]
[Round "6.25"]
[White "Sugden, John N"]
[Black "Plaskett, H James"]
[Result "0-1"]
[BlackTitle "GM"]
[WhiteElo "2180"]
[BlackElo "2480"]
[WhiteTeam "e2e4.org.uk"]
[BlackTeam "Guildford 1"]
[WhiteFideId "402001"]
[BlackFideId "400238"]
[EventDate "2011.11.12"]

1. e4 c5 2. Nc3 Nc6 3. g3 Nf6 4. Bg2 e6 5. d3 Be7 6. f4 d5 7. Nf3 dxe4 8. Nxe4
O-O 9. O-O Qc7 10. c3 b6 11. Qe2 Bb7 12. Bd2 Rad8 13. Nf2 Rd7 14. Rad1 Rfd8 15.
Rfe1 b5 16. a3 a5 17. Be3 Nd5 18. Bc1 g6 19. Ne5 Nxe5 20. fxe5 h5 21. g4 h4 22.
g5 Bf8 23. Ng4 Bg7 24. Nf6+ Nxf6 25. gxf6 Bxg2 26. Qxg2 Bf8 27. Qh3 Qc6 28. Bf4
b4 29. Qe3 bxc3 30. bxc3 Qa4 31. Rd2 Kh7 32. Qf3 Qxa3 33. Qh3 Qxc3 34. Re4 Rxd3
35. Be3 Qc1+ 36. Kf2 Qxd2+ 37. Kf1 Qd1+ 38. Kf2 Rd2+ 39. Bxd2 Rxd2+ 40. Ke3 0-1

[Event "4NCL 2011-12"]
[Site "Sunningdale ENG"]
[Date "2012.02.12"]
[Round "6.26"]
[White "Sarakauskas, Gediminas"]
[Black "Jackson, James P"]
[Result "1-0"]
[WhiteTitle "IM"]
[WhiteElo "2403"]
[BlackElo "2121"]
[WhiteTeam "Guildford 1"]
[BlackTeam "e2e4.org.uk"]
[WhiteFideId "12800724"]
[BlackFideId "416860"]
[EventDate "2011.11.12"]

1. e4 c5 2. Nf3 Nc6 3. Bb5 g6 4. O-O Bg7 5. c3 Nf6 6. Re1 O-O 7. h3 a6 8. Bxc6
bxc6 9. d4 cxd4 10. cxd4 d6 11. Qc2 Bb7 12. Nbd2 Rc8 13. Nb3 Nd7 14. Be3 c5 15.
dxc5 Nxc5 16. Nxc5 dxc5 17. Rac1 c4 18. Bd2 Qd3 19. Bc3 Bxc3 20. Qxc3 Bxe4 21.
Ng5 Qxc3 22. Rxc3 Bd5 23. Rxe7 Rfe8 24. Rd7 Rcd8 25. Rxd8 Rxd8 26. Rc2 f6 27.
Nf3 Bxf3 28. gxf3 Rd4 29. Kf1 Kf7 30. Ke2 Ke6 31. Rc3 Rh4 32. Ra3 Rxh3 33. Rxa6+
Ke5 34. Rc6 Rh4 35. a4 f5 36. a5 Kd4 37. a6 Rh1 38. a7 Ra1 39. Rc7 h6 40. Rd7+
Kc5 41. Ke3 g5 42. f4 Kb6 43. Rh7 gxf4+ 44. Kxf4 Rxa7 45. Rxa7 Kxa7 46. Kxf5 Kb6
47. f4 Kb5 48. Ke5 h5 49. f5 h4 50. Kf4 Kb4 51. f6 Kb3 52. f7 Kxb2 53. f8=Q c3
54. Qb4+ 1-0

[Event "4NCL 2011-12"]
[Site "Sunningdale ENG"]
[Date "2012.02.12"]
[Round "6.27"]
[White "Almond, Richard J"]
[Black "Suarez Real, Alberto"]
[Result "0-1"]
[BlackTitle "FM"]
[WhiteElo "2115"]
[BlackElo "2387"]
[WhiteTeam "e2e4.org.uk"]
[BlackTeam "Guildford"]
[WhiteFideId "404179"]
[BlackFideId "2218534"]
[EventDate "2011.11.12"]

1. d4 Nf6 2. c4 g6 3. Nc3 Bg7 4. e4 d6 5. Nf3 O-O 6. Be2 e5 7. O-O Nc6 8. d5 Ne7
9. Ne1 Nd7 10. f3 f5 11. g4 Kh8 12. h4 Nf6 13. Nd3 c6 14. Be3 b5 15. b3 Qa5 16.
b4 Qd8 17. Nf2 bxc4 18. Bxc4 cxd5 19. Nxd5 Nexd5 20. exd5 Nxg4 21. fxg4 Qxh4 22.
Qf3 fxg4 23. Qg2 Rf3 24. Ne4 Rxe3 0-1

[Event "4NCL 2011-12"]
[Site "Sunningdale ENG"]
[Date "2012.02.12"]
[Round "6.28"]
[White "Ciuksyte, Dagne"]
[Black "Norinkeviciute, Rasa"]
[Result "1-0"]
[WhiteTitle "IM"]
[BlackTitle "WFM"]
[WhiteElo "2327"]
[BlackElo "1996"]
[WhiteTeam "Guildford 1"]
[BlackTeam "e2e4.org.uk"]
[WhiteFideId "12800619"]
[BlackFideId "12801925"]
[EventDate "2011.11.12"]

1. e4 c5 2. Nf3 d6 3. d4 cxd4 4. Nxd4 Nf6 5. Nc3 a6 6. a4 e5 7. Nf3 h6 8. Bc4
Be7 9. h3 Qc7 10. Bb3 Be6 11. O-O O-O 12. Nh4 Nbd7 13. Nf5 Bxf5 14. exf5 Nb6 15.
a5 Nc4 16. Nd5 Nxd5 17. Qxd5 Rac8 18. Re1 Qc6 19. Qd3 d5 20. Bxc4 dxc4 21. Qg3
Kh8 22. Qxe5 Bf6 23. Qg3 Qb5 24. Qf3 Rfe8 25. Re3 Red8 26. Qh5 Qd5 27. Re1 Kg8
28. c3 Rc5 29. Be3 Qxf5 30. Qxf5 Rxf5 31. Ra4 Rb5 32. Rxc4 Rxb2 33. Bb6 Rb8 34.
Rc7 Rc2 35. c4 Bh4 36. g3 Bf6 37. Kg2 h5 38. Re4 g6 39. Ba7 Ra8 40. Rxb7 Rc8 41.
Rf4 Kg7 42. c5 Re8 43. Bb6 Ree2 44. Ra7 Red2 45. Rxa6 Bd4 46. c6 Bf6 47. c7 Be5
48. Ra8 g5 49. Rf5 Bxc7 50. Bxc7 Kg6 51. Rxg5+ Kxg5 52. Bf4+ Kf6 53. Bxd2 Rxd2
54. a6 Ra2 55. Kf3 Kf5 56. a7 f6 57. g4+ 1-0

[Event "4NCL 2011-12"]
[Site "Sunningdale ENG"]
[Date "2012.02.12"]
[Round "6.31"]
[White "Piper, Matthew S"]
[Black "Jirka, Jiri"]
[Result "1/2-1/2"]
[BlackTitle "IM"]
[WhiteElo "2341"]
[BlackElo "2415"]
[WhiteTeam "Barbican 4NCL"]
[BlackTeam "The AD's"]
[WhiteFideId "401463"]
[BlackFideId "311731"]
[EventDate "2011.11.12"]

1. e4 e5 2. Nf3 Nc6 3. Nc3 Nf6 4. d4 exd4 5. Nxd4 Bb4 6. Nxc6 bxc6 7. Bd3 d5 8.
exd5 cxd5 9. O-O O-O 10. Bg5 Be6 11. Nb5 c5 12. a3 Ba5 13. b4 Bb6 14. bxc5 Bxc5
15. Qf3 Rc8 16. a4 h6 17. Bxf6 Qxf6 18. Qxf6 gxf6 19. c3 Rfe8 20. Rfe1 Bd7 21.
Rxe8+ Rxe8 22. h3 Rb8 23. Ra2 Kf8 24. Rd2 Be6 25. Kf1 Bb6 26. Ke2 Ke7 27. f4 Rc8
28. Rb2 Bd7 29. Rb1 h5 30. Rb2 Rg8 31. Ke1 Rg3 32. Re2+ Kf8 33. Kd2 Ba5 34. Rf2
Bxb5 35. axb5 d4 36. Kc2 Bxc3 37. Re2 Bb4 38. f5 Bd6 39. Re1 Rxg2+ 40. Kb3 Bc5
41. Kc4 Bb6 42. Re4 Kg7 43. h4 Rf2 44. Re2 Rf4 45. Rh2 Kf8 46. Kd5 Ke7 47. Re2+
Kd7 48. Rh2 Rf3 49. Kc4 Kd6 50. Re2 Rh3 51. Re4 Rh1 52. Be2 Rc1+ 53. Kd3 Rc3+
54. Kd2 Ra3 55. Bxh5 Ba5+ 56. Kc2 d3+ 57. Kb2 Rc3 58. Bd1 Rc5 59. Rd4+ Ke5 60.
Rxd3 Rxb5+ 61. Rb3 Rxb3+ 62. Bxb3 Kxf5 63. Bxf7 Bb4 64. Kc2 Kg4 65. h5 Bf8 66.
Kd3 f5 67. Be6 Kg5 68. Ke3 Bh6 69. Kf3 Kf6 70. Bd7 Ke5 71. Bb5 a5 72. Bd7 f4 73.
Ke2 Kd4 74. Kd2 Kc4 75. Kc2 Kb4 76. Kb2 f3 77. Bg4 f2 78. Be2 Bg7+ 79. Ka2 Bf8
80. Ba6 Kc3 81. Bf1 Kc2 82. Ba6 a4 83. h6 Bxh6 1/2-1/2

[Event "4NCL 2011-12"]
[Site "Sunningdale ENG"]
[Date "2012.02.12"]
[Round "6.32"]
[White "Cernousek, Lukas"]
[Black "Knott, Simon J B"]
[Result "1-0"]
[WhiteTitle "IM"]
[BlackTitle "IM"]
[WhiteElo "2438"]
[BlackElo "2332"]
[WhiteTeam "The AD's"]
[BlackTeam "Barbican 4NCL 1"]
[WhiteFideId "311707"]
[BlackFideId "400645"]
[EventDate "2011.11.12"]

1. c4 Nf6 2. Nc3 d5 3. cxd5 Nxd5 4. g3 g6 5. Bg2 Nxc3 6. bxc3 Bg7 7. Nf3 c5 8.
O-O Nc6 9. Qa4 Bd7 10. Qh4 e5 11. Qc4 Qa5 12. Ng5 O-O 13. Bd5 Nd8 14. f4 Qb5 15.
fxe5 Qxc4 16. Bxc4 Bxe5 17. Ba3 b6 18. d4 Bd6 19. Ne4 Be7 20. d5 Nb7 21. d6 Bd8
22. Bd5 Rb8 23. Bc1 Kg7 24. Bf4 f6 25. g4 g5 26. Bg3 Na5 27. Rf2 Bxg4 28. d7 Rb7
29. Bxb7 Nxb7 30. Raf1 Bh3 31. Rd1 Rf7 32. Bb8 Bxd7 33. Nxg5 Re7 34. Nf3 Be6 35.
Nh4 Bc7 36. Bxc7 Rxc7 37. Nf5+ Kf7 38. e4 Na5 39. Nh6+ Kg7 40. Rd6 Re7 41. Nf5+
Bxf5 42. exf5 Nc4 43. Rd8 Re1+ 44. Kg2 Re5 45. Rd7+ Kh6 46. Rxa7 Ne3+ 47. Kh3
Nxf5 48. Rb7 Kg5 49. Rg2+ Kh5 50. Rxh7+ Nh6 51. Rb7 f5 52. Rxb6 f4 53. Rf2 Kg5
54. Rg2+ Kh5 55. Rg7 Nf5 56. Rh7+ Kg5 57. Rb8 f3 58. Rf7 Re6 59. Rg8+ Kf4 60.
Rg4+ Ke5 61. Rg5 Rf6 62. Rxf6 Kxf6 63. Rxf5+ Kxf5 64. Kg3 Ke4 65. Kf2 1-0

[Event "4NCL 2011-12"]
[Site "Sunningdale ENG"]
[Date "2012.02.12"]
[Round "6.33"]
[White "Franklin, Samuel G A"]
[Black "Richardson, John R"]
[Result "1-0"]
[BlackTitle "FM"]
[WhiteElo "2179"]
[BlackElo "2331"]
[WhiteTeam "Barbican 4NCL 2"]
[BlackTeam "The AD's"]
[WhiteFideId "468576"]
[BlackFideId "401617"]
[EventDate "2011.11.12"]

1. e4 c6 2. c4 d5 3. exd5 cxd5 4. cxd5 Nf6 5. Nc3 Nxd5 6. Nf3 Nc6 7. Bb5 e6 8.
O-O Be7 9. d4 O-O 10. Re1 Bd7 11. Bc4 Ncb4 12. Ne5 Rc8 13. Qe2 Bf6 14. Ne4 b5
15. Bb3 a5 16. a3 a4 17. Bxd5 Nxd5 18. Nxf6+ Nxf6 19. Bg5 h6 20. Bxf6 gxf6 21.
Qh5 fxe5 22. Qxh6 exd4 23. Re4 e5 24. Rh4 Qxh4 25. Qxh4 Bf5 26. Qg5+ Bg6 27. h4
Kh7 28. h5 Bc2 29. Qxe5 d3 30. Qf5+ Kh8 31. Qf6+ Kh7 32. h6 Rg8 33. Qxf7+ Kh8
34. Qf6+ Kh7 35. Qf7+ Kh8 36. f3 d2 37. Qf6+ Kh7 38. Qe7+ Kh8 39. Qe3 d1=Q+ 40.
Rxd1 Bxd1 41. Qd4+ Kh7 42. Qxd1 Rgd8 43. Qe2 Rb8 44. Qe3 Re8 45. Qg5 Rg8 46. Qf6
Rbf8 47. Qc6 Rg5 48. Qd7+ Kh8 49. Qe7 Rfg8 50. g4 1-0

[Event "4NCL 2011-12"]
[Site "Sunningdale ENG"]
[Date "2012.02.12"]
[Round "6.34"]
[White "Snape, Ian L"]
[Black "Griffiths, Ryan Rhys"]
[Result "0-1"]
[BlackTitle "FM"]
[WhiteElo "2231"]
[BlackElo "2310"]
[WhiteTeam "The AD's"]
[BlackTeam "Barbican 4NCL 2"]
[WhiteFideId "404489"]
[BlackFideId "2502054"]
[EventDate "2011.11.12"]

1. e4 c5 2. Nf3 d6 3. d4 cxd4 4. Nxd4 Nf6 5. Nc3 a6 6. Bg5 Nbd7 7. Bc4 Qb6 8.
Bb3 e6 9. Be3 Qc7 10. Qe2 Nc5 11. f3 Be7 12. g4 O-O 13. O-O-O b5 14. g5 Nfd7 15.
g6 hxg6 16. Bd5 Bb7 17. Bxb7 Qxb7 18. h4 b4 19. Nb1 e5 20. Nb3 Nxb3+ 21. axb3
Nf6 22. Bg5 Nh5 23. Bxe7 Qxe7 24. Qd2 Qf6 25. Qxb4 Qxf3 26. Nc3 Nf6 27. Rhf1
Qe3+ 28. Kb1 Rfd8 29. Nd5 Nxd5 30. Rxd5 Rab8 31. Qa4 Rbc8 32. Rfd1 Qf2 33. R5d2
Qxh4 34. Rxd6 Rxd6 35. Rxd6 Qe1+ 36. Ka2 Qe2 37. Rc6 Rf8 38. Qxa6 Qxa6+ 39. Rxa6
f5 40. b4 f4 41. Kb3 f3 42. b5 f2 43. Ra1 g5 44. c4 g4 45. b6 g3 46. b7 g2 0-1

[Event "4NCL 2011-12"]
[Site "Sunningdale ENG"]
[Date "2012.02.12"]
[Round "6.35"]
[White "Berry, Neil"]
[Black "Swindells, Jonathan E"]
[Result "1/2-1/2"]
[WhiteTitle "FM"]
[WhiteElo "2312"]
[BlackElo "2178"]
[WhiteTeam "Barbican 4NCL 1"]
[BlackTeam "The AD's"]
[WhiteFideId "2400650"]
[BlackFideId "421863"]
[EventDate "2011.11.12"]

1. d4 Nf6 2. c4 g6 3. g3 Bg7 4. Bg2 d6 5. Nf3 O-O 6. Nc3 c5 7. d5 Na6 8. O-O Nc7
9. h3 a6 10. a4 Rb8 11. e4 b5 12. axb5 axb5 13. e5 Nfe8 14. exd6 exd6 15. Nd2
Bd7 16. Re1 bxc4 17. Nxc4 Nb5 18. Ne4 h6 19. Bf4 g5 20. Bd2 f5 21. Ba5 Qc8 22.
Ned2 f4 23. g4 h5 24. Nb6 Rxb6 25. Bxb6 hxg4 26. hxg4 Bxg4 27. Bf3 Bxf3 28. Qxf3
Nd4 29. Qg2 g4 30. Re4 Qb7 31. Ba5 Nf6 32. Bc3 f3 33. Qh2 Nxe4 34. Nxe4 Ne2+ 35.
Kf1 Nxc3 36. bxc3 Qxd5 37. Re1 Qd3+ 38. Kg1 Bxc3 39. Qh6 Bg7 40. Qe6+ Kh8 41.
Nxd6 Qd2 42. Re4 Qc1+ 43. Re1 Qf4 44. Ne4 Bd4 45. Qg6 Rb8 46. Kh1 Rg8 47. Qe6
Rg7 48. Qe8+ Kh7 49. Kg1 g3 50. Qh5+ Qh6 51. Qf5+ Kh8 52. Qf8+ Kh7 53. Qf5+ Rg6
54. Nxg3 Bxf2+ 55. Kxf2 Qh2+ 56. Kxf3 Qxg3+ 57. Ke2 Qg4+ 58. Qxg4 Rxg4 59. Kd3 1/2-1/2

[Event "4NCL 2011-12"]
[Site "Sunningdale ENG"]
[Date "2012.02.12"]
[Round "6.36"]
[White "Bellin, Jana M"]
[Black "Rogers, Jonathan W"]
[Result "1/2-1/2"]
[WhiteTitle "WGM"]
[BlackTitle "FM"]
[WhiteElo "2133"]
[BlackElo "2349"]
[WhiteTeam "The AD's"]
[BlackTeam "Barbican 4NCL 2"]
[WhiteFideId "402168"]
[BlackFideId "402052"]
[EventDate "2011.11.12"]

1. e4 d5 2. exd5 Nf6 3. Nf3 Nxd5 4. d4 g6 5. h3 Bg7 6. c4 Nb6 7. Be2 c5 8. d5
O-O 9. O-O e5 10. Nc3 N8d7 11. a4 Rb8 12. Bg5 f6 13. Be3 a6 14. a5 Na8 15. Na4
Qc7 16. b4 e4 17. d6 Qd8 18. Nd2 f5 19. Nxc5 Ne5 20. f4 Nf7 1/2-1/2